00581nam a2200157Ia 4500008004100000020001800041082001600059100002700075245011600102260002300218300001100241440001300252650005100265952009000316999001700406120622s9999 xx 000 0 und d a968-406-140-4 a863.72 E77c aEsquivel, Laura, 1950- aComo agua para chocolate : novela de entregas mensuales con recetas, amores y remedios caseros / Laura Esquivel aMéxico : Planeta a244 p. aFábula a1. NOVELA MEXICANA \ 2. LITERATURA MEXICANAÌ 00104070a01b01d2007-01-25l0o863.72 E77Cp01 002506r2012-06-24w2012-06-24yLB c58319d58319